[Event "DVM U12 2011"]
[Site "Arendsee (Altmark) GER"]
[Date "2011.12.29"]
[Round "6"]
[White "Tepper, Oliver"]
[Black "Quandt, Franz Edmund"]
[Result "0-1"]
[Termination "normal"]
[Board "7.2"]
[WhiteElo "1098"]
[BlackElo "1095"]
[WhiteTeam "SC 1997 Lambsheim"]
[BlackTeam "MTV 1876 Saalfeld"]
[EventCountry "GER"]
[EventRounds "7"]
[EventType "team-swiss"]
[EventDate "2011.12.26"]

1. e4 c5 2. Nf3 a6 3. Bc4 Nc6 4. Nc3 e6 5. d4 cxd4 6. Nxd4 b5 7. Nxc6 dxc6 8.
Qxd8+ Kxd8 9. Be2 Be7 10. Bf4 Bb4 11. O-O-O+ Ke8 12. Be5 f6 13. a3 Bxa3 14.
bxa3 fxe5 15. Rhe1 Nf6 16. g4 g5 17. Bf3 Bb7 18. Rh1 h5 19. h3 Rb8 20. Be2 c5
21. f3 b4 22. axb4 cxb4 23. Na4 Ke7 24. Nc5 a5 25. h4 gxh4 26. Rxh4 Bc6 27.
gxh5 Rxh5 28. Rxh5 Nxh5 29. Na6 Rb6 30. Nc5 Nf4 31. Bf1 Bb5 32. Bxb5 Rxb5 33.
Na4 Ne2+ 34. Kb2 Nd4 35. Rd3 Kf6 36. f4 Ne2 37. fxe5+ Kxe5 38. Rb3 Kd4 39. c3+
bxc3+ 40. Kc2 Rxb3 41. Kxb3 e5 42. Kc2 Kxe4 43. Nxc3+ Nxc3 44. Kxc3 a4 45. Kb4
Kd3 46. Kxa4 e4 47. Kb3 e3 48. Kb2 Kd2 49. Kb3 e2 50. Kc4 e1=Q 51. Kd4 Qe3+ 52.
Kc4 Qd3+ 53. Kc5 Kc3 54. Kc6 Kc4 55. Kb7 Qd5+ 56. Kc7 Qe6 57. Kb7 Qd6 58. Ka7
Qb4 59. Ka6 Kc5 60. Ka7 Kc6 0-1

[Event "DVM U12 2011"]
[Site "Arendsee (Altmark) GER"]
[Date "2011.12.29"]
[Round "6"]
[White "Dührkop, Jasmin"]
[Black "Dalchow, Jonas"]
[Result "1/2-1/2"]
[Termination "normal"]
[Board "7.3"]
[WhiteElo "1135"]
[BlackElo "1088"]
[WhiteTeam "MTV 1876 Saalfeld"]
[BlackTeam "SC 1997 Lambsheim"]
[WhiteFideId "16270509"]
[BlackFideId "12971251"]
[EventCountry "GER"]
[EventRounds "7"]
[EventType "team-swiss"]
[EventDate "2011.12.26"]

1. e4 e5 2. Nf3 Nc6 3. d4 exd4 4. Nxd4 Nxd4 5. Qxd4 Nf6 6. Nc3 c6 7. Qd1 Bb4 8.
Bd3 d5 9. exd5 Qe7+ 10. Qe2 Qxe2+ 11. Bxe2 Nxd5 12. Bd2 Nxc3 13. Bxc3 Bxc3+ 14.
bxc3 O-O 15. O-O Re8 16. Rfe1 Bf5 17. Bd3 Bd7 18. h3 g6 19. Rab1 b5 20. Red1
Rad8 21. c4 a6 22. cxb5 axb5 23. Ra1 Re5 24. a4 bxa4 25. Rxa4 Bf5 26. Raa1 Red5
27. Rdc1 Bxd3 28. cxd3 Rxd3 29. Rxc6 R8d5 30. Rac1 Rg5 31. R6c3 Rd2 1/2-1/2

[Event "DVM U12 2011"]
[Site "Arendsee (Altmark) GER"]
[Date "2011.12.29"]
[Round "6"]
[White "Wacker, Andreas"]
[Black "Rauch, Marie-Louise"]
[Result "0-1"]
[Termination "normal"]
[Board "7.4"]
[WhiteElo "1038"]
[BlackElo "1029"]
[WhiteTeam "SC 1997 Lambsheim"]
[BlackTeam "MTV 1876 Saalfeld"]
[WhiteFideId "12953083"]
[BlackFideId "16217500"]
[EventCountry "GER"]
[EventRounds "7"]
[EventType "team-swiss"]
[EventDate "2011.12.26"]

1. e4 e5 2. Nf3 Nc6 3. Bc4 Bc5 4. d3 h6 5. Nc3 Nf6 6. O-O O-O 7. Bd2 d6 8. Nd5
Bg4 9. c3 Be6 10. Re1 a6 11. Nxf6+ Qxf6 12. Bxe6 Qxe6 13. Be3 Bxe3 14. Rxe3
Rfd8 15. d4 d5 16. exd5 Rxd5 17. Qe2 Re8 18. Rd1 e4 19. Nd2 f5 20. Nc4 b5 21.
Na3 f4 22. Rh3 Rg5 23. d5 Rxd5 24. Rxd5 Qxd5 25. Qh5 Rd8 26. Qxd5+ Rxd5 27. Kf1
Rd2 28. Ke1 Rxb2 29. Rh4 Rxa2 30. Nxb5 axb5 31. Kd1 Rxf2 32. g3 fxg3 33. hxg3
Rg2 34. Rxe4 Rxg3 35. Kd2 Kf7 36. Re1 Rf3 37. Rb1 Rf5 38. Ke3 g5 39. Ke4 Re5+
40. Kf3 Rc5 41. Kg4 Rxc3 42. Rxb5 Rc4+ 43. Kg3 Kg6 44. Rb7 Ne5 45. Rb5 c5 46.
Rb3 Rb4 47. Rc3 c4 48. Re3 Rb3 49. Kf2 Rxe3 50. Kxe3 Kf5 51. Kf2 h5 52. Ke2 h4
53. Kf2 Kf4 54. Ke2 h3 55. Kf2 g4 56. Kg1 c3 57. Kf2 c2 58. Ke1 c1=Q+ 59. Ke2
Qe3+ 60. Kd1 Qf2 0-1

[Event "DVM U12 2011"]
[Site "Arendsee (Altmark) GER"]
[Date "2011.12.29"]
[Round "6"]
[White "Wichmann, Adrian"]
[Black "von Angern, Cedric"]
[Result "1/2-1/2"]
[Termination "normal"]
[Board "8.1"]
[WhiteElo "1694"]
[BlackElo "1450"]
[WhiteTeam "SV Seubelsdorf"]
[BlackTeam "AE Magdeburg"]
[WhiteFideId "12904708"]
[BlackFideId "12921106"]
[EventCountry "GER"]
[EventRounds "7"]
[EventType "team-swiss"]
[EventDate "2011.12.26"]

1. e4 c5 2. c3 Nf6 3. e5 Nd5 4. d4 cxd4 5. cxd4 Nc6 6. Nf3 d6 7. exd6 Qxd6 8.
Nc3 Bg4 9. Be2 e6 10. O-O Be7 11. Be3 O-O 12. Qd2 Rfd8 13. Rfd1 Bf6 14. Ne4 Qe7
15. Nxf6+ Nxf6 16. Qe1 Rd7 17. Ne5 Bxe2 18. Qxe2 Rd6 19. Rac1 Rc8 20. Nxc6
Rdxc6 21. Rxc6 Rxc6 22. Rc1 Rxc1+ 23. Bxc1 Qd7 24. Be3 Nd5 25. h3 h6 26. Qc4 b6
27. a3 Qc7 28. Qxc7 Nxc7 29. Kf1 Kf8 30. Ke2 Ke7 31. Kd3 Nd5 32. Kc4 a6 33. Kd3
f6 34. g3 Kd6 35. Bd2 Kd7 36. Be3 b5 37. Bd2 Ke7 38. Ke4 Kf7 39. g4 Ne7 40. f4
g6 41. Be1 Kg7 42. Bc3 Kf7 43. Be1 Kg7 44. Bc3 Kf7 45. Be1 Ke8 46. Bc3 Kf7
1/2-1/2

[Event "DVM U12 2011"]
[Site "Arendsee (Altmark) GER"]
[Date "2011.12.29"]
[Round "6"]
[White "Rößler, Linus Benedict"]
[Black "Kolb, Verena"]
[Result "0-1"]
[Termination "normal"]
[Board "8.2"]
[WhiteElo "1558"]
[BlackElo "964"]
[WhiteTeam "AE Magdeburg"]
[BlackTeam "SV Seubelsdorf"]
[WhiteFideId "12921076"]
[BlackFideId "12992313"]
[EventCountry "GER"]
[EventRounds "7"]
[EventType "team-swiss"]
[EventDate "2011.12.26"]

1. e4 e6 2. d4 d5 3. Nc3 Bb4 4. e5 c5 5. a3 Bxc3+ 6. bxc3 Ne7 7. Nf3 Qc7 8. Bd2
Bd7 9. Be2 Ba4 10. Ra2 Nf5 11. g4 Ne7 12. Ng5 Nd7 13. O-O f6 14. Nxe6 Qc8 15.
Nxg7+ Kf7 16. exf6 Nxf6 17. Nh5 Nxh5 18. gxh5 Rg8+ 19. Kh1 Qh3 20. Bf3 Nf5 21.
Bxd5+ Kf6 22. Qf3 Qxf1# 0-1

[Event "DVM U12 2011"]
[Site "Arendsee (Altmark) GER"]
[Date "2011.12.29"]
[Round "6"]
[White "Werner, Sebastian"]
[Black "Wagner, Tobias"]
[Result "0-1"]
[Termination "normal"]
[Board "8.3"]
[WhiteElo "1043"]
[BlackElo "1304"]
[WhiteTeam "SV Seubelsdorf"]
[BlackTeam "AE Magdeburg"]
[BlackFideId "12943452"]
[EventCountry "GER"]
[EventRounds "7"]
[EventType "team-swiss"]
[EventDate "2011.12.26"]

1. e4 c5 2. Nf3 Nc6 3. d4 cxd4 4. Nxd4 g6 5. Nc3 Bg7 6. Be3 Nf6 7. Bc4 O-O 8.
O-O d6 9. Qd2 Ng4 10. Bf4 Nxd4 11. f3 e5 12. Bg5 Nf6 13. Bh6 Qb6 14. Qf2 Nxf3+
15. gxf3 Qxf2+ 16. Rxf2 Bxh6 17. Nb5 Be3 18. Re1 Bxf2+ 19. Kxf2 d5 20. Nc7 Rb8
21. Nxd5 Nxd5 22. Bxd5 b6 23. Rd1 Bb7 24. Bb3 Rfd8 25. Rf1 Kg7 26. Ke3 Rd6 27.
f4 exf4+ 28. Rxf4 Rf6 29. Rg4 Re8 30. Ba4 Bc6 31. Bb3 Rf1 32. Bc4 Re1+ 33. Kf3
R1xe4 34. Rxe4 Bxe4+ 35. Ke3 Bd5+ 36. Kd4 Bxc4 37. Kxc4 Re2 38. Kb3 f5 39. c4
f4 40. Kc3 f3 41. b4 f2 42. c5 f1=Q 43. c6 Qc1+ 44. Kd3 Rd2+ 45. Ke3 Qe1+ 46.
Kf4 Rf2+ 47. Kg3 Qg1+ 48. Kh3 Rxh2# 0-1

[Event "DVM U12 2011"]
[Site "Arendsee (Altmark) GER"]
[Date "2011.12.29"]
[Round "6"]
[White "Wolff, Marti"]
[Black "Wiemann, Daniel"]
[Result "0-1"]
[Termination "normal"]
[Board "8.4"]
[WhiteElo "1173"]
[BlackElo "1047"]
[WhiteTeam "AE Magdeburg"]
[BlackTeam "SV Seubelsdorf"]
[WhiteFideId "12943487"]
[BlackFideId "12942944"]
[EventCountry "GER"]
[EventRounds "7"]
[EventType "team-swiss"]
[EventDate "2011.12.26"]

1. e4 e6 2. d4 d5 3. Nc3 Bb4 4. e5 c5 5. a3 Bxc3+ 6. bxc3 Ne7 7. Qg4 Qc7 8.
Qxg7 Rg8 9. Qxh7 cxd4 10. cxd4 Qc3+ 11. Ke2 Qxa1 12. Bg5 Rxg5 13. Nf3 Rg8 14.
h4 Qxa3 15. h5 Nd7 16. h6 Nf8 17. Qd3 Qxd3+ 18. Kxd3 Rh8 19. Ke3 a5 0-1

[Event "DVM U12 2011"]
[Site "Arendsee (Altmark) GER"]
[Date "2011.12.29"]
[Round "6"]
[White "Richter, Fabian"]
[Black "Meier, Lukas"]
[Result "1/2-1/2"]
[Termination "normal"]
[Board "9.1"]
[WhiteElo "1063"]
[BlackElo "1006"]
[WhiteTeam "SK Turm Kleve"]
[BlackTeam "SV Oberursel"]
[EventCountry "GER"]
[EventRounds "7"]
[EventType "team-swiss"]
[EventDate "2011.12.26"]

1. e4 e5 2. Nf3 Nc6 3. Bc4 Bc5 4. Nc3 d6 5. h3 h6 6. d3 Nf6 7. Be3 Bb4 8. O-O
Bxc3 9. bxc3 O-O 10. Rb1 Rb8 11. Bb5 Ra8 12. Bc4 Bd7 13. Rxb7 Qc8 14. Rb1 Na5
15. Bb3 Nxb3 16. Rxb3 Bxh3 17. Nh2 Be6 18. Rb2 a6 19. a3 d5 20. exd5 Nxd5 21.
Qd2 1/2-1/2

[Event "DVM U12 2011"]
[Site "Arendsee (Altmark) GER"]
[Date "2011.12.29"]
[Round "6"]
[White "Rogalski, Maximilian"]
[Black "Habersetzer, Marc"]
[Result "0-1"]
[Termination "normal"]
[Board "9.2"]
[WhiteElo "1010"]
[BlackElo "1075"]
[WhiteTeam "SV Oberursel"]
[BlackTeam "SK Turm Kleve"]
[EventCountry "GER"]
[EventRounds "7"]
[EventType "team-swiss"]
[EventDate "2011.12.26"]

1. e4 d5 2. exd5 Qxd5 3. Nc3 Qa5 4. Nf3 Bf5 5. Bc4 e6 6. O-O Nf6 7. d3 c6 8.
Bd2 Bb4 9. a3 Bxc3 10. Bxc3 Qd8 11. Qd2 Nbd7 12. Rfe1 O-O 13. Rad1 Qe7 14. Qf4
Rfe8 15. Nh4 Nh5 16. Nxf5 Nxf4 17. Nxe7+ Rxe7 18. g3 Ng6 19. d4 Nb6 20. Bd3 Na4
21. Bxg6 hxg6 22. Bb4 Rd7 23. b3 Nb6 24. a4 Nd5 25. Bd2 Rad8 26. Be3 Nxe3 27.
fxe3 c5 28. c3 e5 29. Kg2 exd4 30. exd4 cxd4 31. cxd4 Rxd4 32. Rxd4 Rxd4 33.
Re7 Rb4 34. Re3 a5 35. Re5 b6 36. Rb5 Rxb5 37. axb5 Kf8 38. Kf3 Ke7 39. Ke4 Kd6
40. Kd4 f6 41. h3 g5 42. Kc4 Ke5 43. g4 g6 44. Kc3 Kd5 45. b4 axb4+ 46. Kxb4 f5
47. Kc3 Kc5 48. Kd3 Kxb5 49. Kd4 Ka4 50. Ke5 f4 51. Ke4 b5 52. h4 gxh4 53. Kxf4
b4 54. g5 b3 55. Kg4 b2 56. Kxh4 b1=Q 57. Kg4 Qf1 58. Kg3 Qf5 59. Kh4 Kb4 60.
Kg3 Kc3 61. Kh4 Kd4 62. Kg3 Ke4 63. Kh4 Qf4+ 64. Kh3 Qxg5 65. Kh2 Kf3 66. Kh3
Qg3# 0-1

[Event "DVM U12 2011"]
[Site "Arendsee (Altmark) GER"]
[Date "2011.12.29"]
[Round "6"]
[White "Verfürth, Kevin"]
[Black "Spierling, Maximilian"]
[Result "0-1"]
[Termination "normal"]
[Board "9.3"]
[WhiteElo "1086"]
[BlackElo "1102"]
[WhiteTeam "SK Turm Kleve"]
[BlackTeam "SV Oberursel"]
[WhiteFideId "12954829"]
[EventCountry "GER"]
[EventRounds "7"]
[EventType "team-swiss"]
[EventDate "2011.12.26"]

1. c4 e5 2. Nc3 Nf6 3. e4 Bc5 4. g3 d6 5. Bg2 Ng4 6. Nh3 Nf6 7. O-O Nc6 8. Ng5
Nd4 9. h3 c6 10. Kh2 Be6 11. Nxe6 fxe6 12. d3 Qd7 13. f4 O-O-O 14. fxe5 dxe5
15. Bg5 h6 16. Bxf6 gxf6 17. Rxf6 h5 18. Qd2 Qe7 19. Raf1 Rhf8 20. Rxf8 Rxf8
21. Qd1 Rxf1 22. Qxf1 Nc2 23. Qe2 Nb4 24. a3 Na6 25. Qxh5 Qf6 26. Qf3 Qd8 27.
Bf1 Qd4 28. Qg2 Nc7 29. Na4 Bd6 30. Qf3 b5 31. cxb5 cxb5 32. Nc3 Bc5 33. Qg2
Ne8 34. Nxb5 Qd7 35. Nc3 Qd4 36. h4 Nf6 37. g4 Qd7 38. Qf3 Qg7 39. g5 Nd7 40.
Qg4 Qf7 41. Bg2 Qf2 42. g6 Nf6 43. Qf3 Qg1+ 44. Kh3 Be7 45. g7 Kd8 46. Qxf6
Bxf6 47. g8=Q+ Ke7 48. Qh7+ Kd6 49. Qh6 Be7 50. Qd2 Bf6 51. Nb5+ Kd7 52. Kg3
Qb6 53. a4 Qb8 54. Qa5 Qg8+ 55. Kh2 Bxh4 56. Qc7+ Ke8 57. Qc8+ Bd8 58. Nd6+ Ke7
59. Nb7 Qh8+ 60. Kg1 Bb6+ 61. Nc5 Qxc8 0-1

[Event "DVM U12 2011"]
[Site "Arendsee (Altmark) GER"]
[Date "2011.12.29"]
[Round "6"]
[White "Vogt, Dennis"]
[Black "Melde, Benjamin"]
[Result "0-1"]
[Termination "normal"]
[Board "9.4"]
[WhiteElo "800"]
[BlackElo "908"]
[WhiteTeam "SV Oberursel"]
[BlackTeam "SK Turm Kleve"]
[BlackFideId "12958816"]
[EventCountry "GER"]
[EventRounds "7"]
[EventType "team-swiss"]
[EventDate "2011.12.26"]

1. d4 d5 2. Nc3 Nc6 3. e3 Nf6 4. Nf3 Bg4 5. h3 Bh5 6. Bb5 e6 7. O-O Bd6 8.
Bxc6+ bxc6 9. Bd2 O-O 10. Re1 Bg6 11. Ng5 Rb8 12. Bc1 Ne4 13. Ngxe4 Bxe4 14.
Nxe4 dxe4 15. c4 c5 16. dxc5 Bxc5 17. Qxd8 Rfxd8 18. a3 Rd3 19. b4 Bd6 20. c5
Be5 21. Ra2 Rbd8 22. f4 Rd1 23. Rxd1 Rxd1+ 24. Kh2 Bxf4+ 25. exf4 Rxc1 26. Rd2
g6 27. Re2 f5 28. g4 Rc3 29. gxf5 exf5 30. Kg2 Rxa3 31. h4 Rb3 32. b5 Rxb5 33.
Rc2 h5 34. Kf2 Rb3 35. Re2 Rf3+ 36. Ke1 Rxf4 37. Rh2 Rf3 38. Ke2 Rc3 39. Rg2
Rc2+ 40. Kf1 Rxg2 41. Kxg2 a5 42. Kf1 a4 43. Ke1 a3 0-1

[Event "DVM U12 2011"]
[Site "Arendsee (Altmark) GER"]
[Date "2011.12.30"]
[Round "7"]
[White "Lagunow, Raphael"]
[Black "Rieper, Julian"]
[Result "1-0"]
[Termination "normal"]
[Board "1.1"]
[WhiteElo "1801"]
[BlackElo "1477"]
[WhiteTeam "TuS Makkabi Berlin"]
[BlackTeam "SK Doppelbauer Kiel"]
[WhiteFideId "24652644"]
[BlackFideId "12936960"]
[EventCountry "GER"]
[EventRounds "7"]
[EventType "team-swiss"]
[EventDate "2011.12.26"]

1. e4 e6 2. b3 d5 3. Bb2 Nf6 4. e5 Nfd7 5. f4 c5 6. Qg4 f5 7. Qh3 Nc6 8. Nf3
Be7 9. g4 Nf8 10. Rg1 Rg8 11. c3 Bd7 12. Bd3 g6 13. Na3 a6 14. Nc2 fxg4 15.
Qxg4 Qc7 16. h4 h5 17. Qg3 O-O-O 18. Ne3 Be8 19. O-O-O Bf7 20. Ng5 Bxg5 21.
Qxg5 Qe7 22. Qxe7 Nxe7 23. Ba3 Nd7 24. c4 d4 25. Nc2 a5 26. Nxd4 Nxe5 27. fxe5
Rxd4 28. Bxc5 Rxd3 29. Bxe7 a4 30. Kc2 Rf3 31. d4 Be8 32. Rdf1 Rxf1 33. Rxf1
Bc6 34. Rf6 Kd7 35. Bd6 Rg7 36. Bf8 Rg8 37. Bh6 Ke7 38. Bg5 axb3+ 39. axb3 Kd7
40. Rf7+ Kc8 41. Re7 Be4+ 42. Kc3 Bf5 43. Kb4 Kb8 44. Kc5 Rc8+ 45. Kd6 Rc6+ 46.
Kd7 Rb6 47. Ke8 Rxb3 48. d5 exd5 49. cxd5 Rd3 50. d6 Kc8 51. Rc7+ Kb8 52. Ke7
Rd4 53. Rc5 b6 54. Rb5 Kb7 55. Rxb6+ Kxb6 56. Be3 Kc6 57. Bxd4 g5 58. e6 1-0

[Event "DVM U12 2011"]
[Site "Arendsee (Altmark) GER"]
[Date "2011.12.30"]
[Round "7"]
[White "Wiemann, Niklas"]
[Black "Schmidek, Emil"]
[Result "0-1"]
[Termination "normal"]
[Board "1.2"]
[WhiteElo "1355"]
[BlackElo "1792"]
[WhiteTeam "SK Doppelbauer Kiel"]
[BlackTeam "TuS Makkabi Berlin"]
[BlackFideId "12908150"]
[EventCountry "GER"]
[EventRounds "7"]
[EventType "team-swiss"]
[EventDate "2011.12.26"]

1. d4 Nf6 2. Bg5 Ne4 3. Bf4 d6 4. f3 Nf6 5. e4 g6 6. Nc3 Bg7 7. Qd2 Nc6 8. Bb5
a6 9. Bxc6+ bxc6 10. Nge2 O-O 11. O-O-O Bd7 12. h4 h5 13. e5 Nd5 14. Nxd5 cxd5
15. Nc3 dxe5 16. dxe5 c6 17. Rdg1 Bc8 18. Na4 Rb8 19. e6 Bxe6 20. Bxb8 Qxb8 21.
g4 Be5 22. Kb1 hxg4 23. fxg4 Qb5 24. Re1 Bg7 25. Qd3 Qxa4 26. h5 Qb4 27. c3
Qxg4 28. Rxe6 Qxe6 29. h6 Bf6 30. h7+ Kg7 31. h8=Q+ Rxh8 32. Rxh8 Kxh8 33. Kc1
Qe1+ 34. Kc2 Qe4 35. Qxe4 dxe4 36. Kd2 Bg5+ 37. Ke2 Bf4 0-1

[Event "DVM U12 2011"]
[Site "Arendsee (Altmark) GER"]
[Date "2011.12.30"]
[Round "7"]
[White "Hübner, Alan-Ari"]
[Black "Karlisch, Moritz"]
[Result "1-0"]
[Termination "normal"]
[Board "1.3"]
[WhiteElo "1677"]
[BlackElo "1260"]
[WhiteTeam "TuS Makkabi Berlin"]
[BlackTeam "SK Doppelbauer Kiel"]
[WhiteFideId "12903965"]
[BlackFideId "12964859"]
[EventCountry "GER"]
[EventRounds "7"]
[EventType "team-swiss"]
[EventDate "2011.12.26"]

1. d4 d5 2. c4 c6 3. Nf3 Nf6 4. Nc3 dxc4 5. e4 e6 6. Bxc4 Bb4 7. Bd3 O-O 8. O-O
h6 9. h3 Nbd7 10. a3 Bxc3 11. bxc3 Qe7 12. a4 b6 13. a5 Bb7 14. Qe2 Rac8 15.
axb6 axb6 16. Ra7 Ba8 17. Ne5 Qd8 18. Nxd7 Nxd7 19. Bf4 c5 20. Ba6 Re8 21. Bxc8
Qxc8 22. Rc7 Qd8 23. Ra7 Qe7 24. Qb5 Rd8 25. f3 Qe8 26. Rfa1 cxd4 27. cxd4 Kh7
28. Rc7 Nf6 29. Qxe8 Rxe8 30. Rxf7 Kg6 31. Raa7 Rg8 32. Be5 b5 33. Rfc7 h5 34.
Rc5 b4 35. Rb5 Rc8 36. Rxb4 Rc1+ 37. Kh2 Rc8 38. Rb6 Re8 39. Rba6 1-0

[Event "DVM U12 2011"]
[Site "Arendsee (Altmark) GER"]
[Date "2011.12.30"]
[Round "7"]
[White "Fronius, Thies"]
[Black "Flumenbaum, Jack"]
[Result "1-0"]
[Termination "normal"]
[Board "1.4"]
[WhiteElo "951"]
[BlackElo "984"]
[WhiteTeam "SK Doppelbauer Kiel"]
[BlackTeam "TuS Makkabi Berlin"]
[BlackFideId "12959650"]
[EventCountry "GER"]
[EventRounds "7"]
[EventType "team-swiss"]
[EventDate "2011.12.26"]

1. e4 e5 2. Nf3 Nc6 3. Bb5 d6 4. c3 Nf6 5. d3 Bd7 6. O-O Be7 7. Re1 O-O 8. Nbd2
a6 9. Ba4 b5 10. Bc2 Be6 11. d4 Nb8 12. Nf1 Ne8 13. h3 f5 14. N1h2 h6 15. dxe5
dxe5 16. Qxd8 Bxd8 17. Nxe5 c6 18. Nhf3 Bb6 19. Ng6 Ra7 20. Nxf8 Kxf8 21. exf5
Bd5 22. Be3 Bxe3 23. Rxe3 Nd6 24. Rd1 Nc4 25. Re2 Nxb2 26. Rde1 Bf7 27. Ne5 Nc4
28. Ng6+ Kg8 29. Re8+ Bxe8 30. Rxe8+ Kf7 31. Rf8# 1-0

[Event "DVM U12 2011"]
[Site "Arendsee (Altmark) GER"]
[Date "2011.12.30"]
[Round "7"]
[White "Poghosyan, Tigran"]
[Black "Dürr, Florian"]
[Result "0-1"]
[Termination "normal"]
[Board "2.1"]
[WhiteElo "1770"]
[BlackElo "1853"]
[WhiteTeam "Lübecker SV"]
[BlackTeam "SC Erlangen"]
[WhiteFideId "12909319"]
[BlackFideId "24659134"]
[EventCountry "GER"]
[EventRounds "7"]
[EventType "team-swiss"]
[EventDate "2011.12.26"]

1. e4 e6 2. d4 d5 3. Nd2 Nf6 4. e5 Nfd7 5. f4 c5 6. c3 Nc6 7. Ndf3 cxd4 8. cxd4
Qb6 9. g3 Be7 10. Kf2 g5 11. Ne2 g4 12. Ne1 f6 13. Kg2 Rf8 14. Nd3 Nb4 15. a3
Nxd3 16. Qxd3 fxe5 17. Qxh7 exd4 18. Qg6+ Kd8 19. Qxg4 Nf6 20. Qf3 Bd7 21. h4
Ke8 22. Qd3 Ne4 23. a4 Bc5 24. h5 e5 25. h6 Bf5 26. h7 Kd7 27. Qb5+ Qxb5 28.
axb5 d3 29. Nc3 Nxc3 30. bxc3 Be4+ 31. Kh2 Bxh1 32. Kxh1 Rh8 33. Bxd3 e4 34.
Be2 Rxh7+ 35. Kg2 Rah8 36. Bg4+ Kc7 37. Bb2 Rh2+ 38. Kf1 Rh1+ 39. Ke2 R8h2# 0-1

[Event "DVM U12 2011"]
[Site "Arendsee (Altmark) GER"]
[Date "2011.12.30"]
[Round "7"]
[White "Tong, Kevin"]
[Black "Kololli, Kevin"]
[Result "0-1"]
[Termination "normal"]
[Board "2.2"]
[WhiteElo "1512"]
[BlackElo "1762"]
[WhiteTeam "SC Erlangen"]
[BlackTeam "Lübecker SV"]
[WhiteFideId "12913944"]
[BlackFideId "12936863"]
[EventCountry "GER"]
[EventRounds "7"]
[EventType "team-swiss"]
[EventDate "2011.12.26"]

1. e4 e5 2. Nf3 Nc6 3. d4 exd4 4. Nxd4 Bc5 5. Be3 Qf6 6. c3 Nge7 7. Be2 d5 8.
Bf3 Ne5 9. O-O Nxf3+ 10. Qxf3 Qxf3 11. gxf3 Bd7 12. Nd2 O-O 13. N2b3 Bd6 14.
Rfd1 f5 15. exd5 f4 16. Bd2 Nxd5 17. Re1 c5 18. Nc2 Rae8 19. Rad1 Bf5 20. Na3
Bd3 21. Nc1 Bf5 22. Nb3 b6 23. Kh1 Nf6 24. Kg1 Kf7 25. Kh1 Bc8 26. Kg1 Bb7 27.
Kg2 g5 28. h3 h5 29. Bc1 Rxe1 30. Rxe1 g4 31. Kh2 Bxf3 32. Nc4 Bb8 33. Ne5+
Bxe5 34. Rxe5 gxh3 35. Kxh3 Rg8 36. Re1 Bg2+ 37. Kh2 f3 38. Bf4 h4 39. Nd2 Ng4+
40. Kg1 h3 41. Ne4 h2+ 42. Bxh2 Rh8 43. Ng3 Rxh2 44. Rd1 Rh3 45. Rd2 Ke6 46. c4
Rxg3 47. fxg3 Bh3 48. b3 Ke5 49. a3 a5 50. a4 Ke4 51. Rc2 Kd3 52. Rb2 Ke3 53.
Rc2 f2+ 0-1

[Event "DVM U12 2011"]
[Site "Arendsee (Altmark) GER"]
[Date "2011.12.30"]
[Round "7"]
[White "Kololli, Martin"]
[Black "Wegmann, Simon"]
[Result "1/2-1/2"]
[Termination "normal"]
[Board "2.3"]
[WhiteElo "1690"]
[BlackElo "1408"]
[WhiteTeam "Lübecker SV"]
[BlackTeam "SC Erlangen"]
[WhiteFideId "12936910"]
[BlackFideId "1270758"]
[EventCountry "GER"]
[EventRounds "7"]
[EventType "team-swiss"]
[EventDate "2011.12.26"]

1. e4 c6 2. d4 d5 3. exd5 cxd5 4. Bd3 Nc6 5. c3 Qc7 6. Ne2 Bg4 7. Bf4 e5 8.
dxe5 Nxe5 9. Bb5+ Ke7 10. Qd4 f6 11. Bxe5 fxe5 12. Qxg4 Nf6 13. Qg3 Kf7 14. Bd3
Bd6 15. Qe3 Rhe8 16. Na3 a6 17. Qd2 Rad8 18. Bf5 Qb6 19. O-O h5 20. Rab1 h4 21.
Qg5 Rh8 22. h3 Rdg8 23. Bg6+ Ke7 24. Rfe1 Bc7 1/2-1/2

[Event "DVM U12 2011"]
[Site "Arendsee (Altmark) GER"]
[Date "2011.12.30"]
[Round "7"]
[White "Tschammer, Kai"]
[Black "Altemüller, Jakob"]
[Result "0-1"]
[Termination "normal"]
[Board "2.4"]
[WhiteElo "946"]
[BlackElo "1481"]
[WhiteTeam "SC Erlangen"]
[BlackTeam "Lübecker SV"]
[WhiteFideId "12939099"]
[EventCountry "GER"]
[EventRounds "7"]
[EventType "team-swiss"]
[EventDate "2011.12.26"]

1. e4 e5 2. Nf3 Nc6 3. Nc3 Nf6 4. Bb5 Bb4 5. O-O O-O 6. Bxc6 dxc6 7. d3 Bg4 8.
h3 Bh5 9. Bg5 h6 10. Bh4 Qe7 11. a3 Bc5 12. Qe2 Kh8 13. Rad1 Rg8 14. Bg3 Nh7
15. Bxe5 Bxf3 16. Qxf3 Qxe5 17. Qxf7 Raf8 18. Qc4 b5 19. Qa2 Bd4 20. Qb3 Qg3
21. Rd2 Ng5 22. Rfd1 Nf3+ 23. Kf1 Nxd2+ 24. Rxd2 Rxf2+ 25. Ke1 Qe3+ 26. Re2
Rf1+ 27. Kxf1 Qg1# 0-1

[Event "DVM U12 2011"]
[Site "Arendsee (Altmark) GER"]
[Date "2011.12.30"]
[Round "7"]
[White "Riehle, Marco"]
[Black "Surguchov, Alexander"]
[Result "1-0"]
[Termination "normal"]
[Board "3.1"]
[WhiteElo "1759"]
[BlackElo "1602"]
[WhiteTeam "SF Sasbach"]
[BlackTeam "Verein f.S.u.F. Düsseldorf"]
[WhiteFideId "12904392"]
[BlackFideId "1272035"]
[EventCountry "GER"]
[EventRounds "7"]
[EventType "team-swiss"]
[EventDate "2011.12.26"]

1. e4 e6 2. d4 d5 3. Nd2 c5 4. c3 Nc6 5. Ngf3 Nf6 6. e5 Nd7 7. Bd3 Qb6 8. O-O
cxd4 9. cxd4 Nxd4 10. Nxd4 Qxd4 11. Nf3 Qb6 12. Qa4 Bc5 13. Qg4 g6 14. Qh4 Qc7
15. Bg5 Bf8 16. Rac1 Qb6 17. Rc2 Nc5 18. Bf6 Nxd3 19. Bxh8 Bd7 20. Nd4 Bc5 21.
Qxh7 1-0

[Event "DVM U12 2011"]
[Site "Arendsee (Altmark) GER"]
[Date "2011.12.30"]
[Round "7"]
[White "Berezhnoy, Alex"]
[Black "Ehmann, Thilo"]
[Result "1/2-1/2"]
[Termination "normal"]
[Board "3.2"]
[WhiteElo "1472"]
[BlackElo "1860"]
[WhiteTeam "Verein f.S.u.F. Düsseldorf"]
[BlackTeam "SF Sasbach"]
[WhiteFideId "12918997"]
[BlackFideId "12940968"]
[EventCountry "GER"]
[EventRounds "7"]
[EventType "team-swiss"]
[EventDate "2011.12.26"]

1. e4 d5 2. exd5 Qxd5 3. Nc3 Qa5 4. d4 c6 5. Bd3 Bf5 6. Be3 Bxd3 7. Qxd3 Nf6 8.
Nge2 e6 9. Bf4 Qb4 10. O-O Nbd7 11. a3 Qa5 12. Ng3 Be7 13. b4 Qd8 14. Nce4 O-O
15. c4 Nxe4 16. Nxe4 Nf6 17. Rad1 Nxe4 18. Qxe4 Bd6 19. Rd3 Qd7 20. Rfd1 Bxf4
21. Qxf4 Rfe8 22. h3 f6 23. Qf3 Qc7 24. d5 cxd5 25. cxd5 exd5 26. Qxd5+ Qf7 27.
Rc1 Re7 28. Qxf7+ Kxf7 29. Re3 Rxe3 30. fxe3 Re8 31. Kf2 Re7 32. Kf3 Ke6 33.
Rd1 Rd7 34. Rxd7 Kxd7 35. Ke4 Kd6 36. a4 g6 37. g4 Ke6 38. a5 Kd6 39. Kd4 f5
40. b5 b6 41. axb6 axb6 42. g5 Ke6 43. e4 f4 44. e5 f3 45. Ke3 Kxe5 46. Kxf3
Kd5 47. Kf4 Kd4 48. h4 Kc5 49. Ke5 Kxb5 50. Kf6 Kc5 51. Kg7 b5 52. Kxh7 b4 53.
Kxg6 b3 54. Kh6 b2 55. g6 b1=Q 56. g7 Qb8 57. Kh7 Qc7 58. h5 Kd5 59. h6 Ke6 60.
Kh8 Qe5 61. Kh7 Qf5+ 62. Kh8 Qf6 63. Kh7 Qf7 64. Kh8 1/2-1/2